The penal code B.E.2499 (ระเบียนเลขที่ 20866)
| 000 -LEADER | |
|---|---|
| fixed length control field | 00552nam a22002057a 4500 |
| 005 - DATE AND TIME OF LATEST TRANSACTION | |
| control field | 20240814174541.0 |
| 008 - FIXED-LENGTH DATA ELEMENTS--GENERAL INFORMATION | |
| fixed length control field | s2002 eng d |
| 041 ## - LANGUAGE CODE | |
| Language code of text/sound track or separate title | eng |
| 090 ## - LOCALLY ASSIGNED LC-TYPE CALL NUMBER (OCLC); LOCAL CALL NUMBER (RLIN) | |
| Classification number (OCLC) (R) ; Classification number, CALL (RLIN) (NR) | KS14.T5 Y66P 2002 |
| 100 0# - MAIN ENTRY--PERSONAL NAME | |
| Personal name | Yongyuth V' Yudthangura |
| 245 10 - TITLE STATEMENT | |
| Title | The penal code B.E.2499 |
| 260 3# - PUBLICATION, DISTRIBUTION, ETC. | |
| Place of publication, distribution, etc. | Bangkok : |
| Name of publisher, distributor, etc. | Sutra Paisal Law Media, |
| Date of publication, distribution, etc. | 2002 |
| 300 ## - PHYSICAL DESCRIPTION | |
| Extent | 168 p. ; |
| Other physical details | 19 cm. |
| 650 04 - SUBJECT ADDED ENTRY--TOPICAL TERM | |
| Topical term or geographic name entry element | Criminal law -- Thailand |
| 700 0# - ADDED ENTRY--PERSONAL NAME | |
| Personal name | Yongyuth V' Yudthangura |
| 850 ## - HOLDING INSTITUTION | |
| Holding institution | NALT |
| 942 ## - ADDED ENTRY ELEMENTS (KOHA) | |
| Koha item type | Law Book |
| 997 ## - | |
| -- | 000000000020866 |
| 998 ## - LOCAL CONTROL INFORMATION (RLIN) | |
| -- | BENJALUCK |
| -- | 25 |
| -- | นีลวัสน์ อินทรักษา |
| Withdrawn status | Lost status | Damaged status | Not for loan | Collection code | Home library | Current library | Cost, normal purchase price | Total Checkouts | Full call number | Barcode | Date last seen | Copy number | Cost, replacement price | Price effective from | Koha item type |
|---|---|---|---|---|---|---|---|---|---|---|---|---|---|---|---|
| Law Book collection | National Assembly Library of Thailand | National Assembly Library of Thailand | 80.00 | KS 14.T5 Y66P 2002 | 3961144243 | 09/06/2017 | c. 2 | 130.00 | 09/06/2017 | Law Book | |||||
| Law Book collection | National Assembly Library of Thailand | National Assembly Library of Thailand | 80.00 | KS 14.T5 Y66P 2002 | 3961116093 | 09/06/2017 | c. 1 | 130.00 | 09/06/2017 | Law Book |
